Mensaje : lengua castellana y literatura : tercer ciclo

Gespeichert in:
Bibliographische Detailangaben
Körperschaft: Equipo Orión
Weitere Verfasser: Lorenzo, Ma. José (Projektleitung)
Format: Buch
Sprache:Spanisch
Erschienen: Barcelona : Teide, cop. 1994
Katalog:MANES:  Suchergebnis im Bibliothekskatalog
Schulbuchspezifische Eigenschaften:
Schriftenreihe:Proyecto zaranda
Tags: Tag hinzufügen
Keine Tags, Fügen Sie den ersten Tag hinzu!
Hinzugefügt zu:15.09.2003
Geändert in:07.05.2025

MARC

LEADER 00000nam a2200000 a 4500
001 .b3003518
003 ES-BaCBU
005 20250507130127.0
008 030916s1994 spc||||||1 000 ||spa|c
017 |a DL B. 12631-1994  |a DL B. 18368-1994  |a DL B. 19444-1994 
020 |a 8430734414 ([Llibre de text] 5)  |a 8430734430 (Guía didáctica)  |a 8430734422 ([Llibre de text] 6) 
035 |a 8430734414  |9 ES-BaUB001  |a 0775-98660  |9 ES-BaUB035 
040 |a ES-BaUB  |b cat  |c ES-BaUB 
110 2 |a Equipo Orión  |9 31749 
245 1 0 |a Mensaje :  |b lengua castellana y literatura : tercer ciclo /  |c Equipo Orión ; coordinadora: Mª José Lorenzo 
260 |a Barcelona :  |b Teide,  |c cop. 1994 
300 |a vol. (203 p. ; 97 p. ; 251 p.):  |b principalment il. col. 
505 8 |a Conté: Llibre de text 5 ; Guía didáctica ; Llibre de text 6 
546 |a España 
561 |5 es-CRAI  |3 p1 TX EP 2/5 TEI  |a España. Biblioteca Universitat de Barcelona  |k MANES 
690 0 |a LEN 
691 0 |a PRI 
700 1 |a Lorenzo, Ma. José,  |e coor.  |9 32373 
830 0 |a Proyecto zaranda  |9 31752 
856 |y Registro en Cercabib - CRAI 
942 |2 ddc  |c BK 
999 |c 89413  |d 89413 
999 |c manes:89413  |d 89413